000 00362nam a2200133Ia 4500
008 231129s9999||||xx |||||||||||||| ||spa||
020 _a84-7530-645-4
040 _bspa
082 _a194 D139d
100 _aD'Alembert Jean Le Rond
245 0 _aDiscurso preliminar de la enciclopedia
264 _aOrbis
942 _2ddc
_cBKS
999 _c9640
_d9640